000
00222 a2200097 4500
001
11274
100
_a
Harkabi, Y.
245
_a
Arab Strategies and Israel's Respo
260
_a
_b
Collier Macmillan
_c
090
_c
8826
_d
8826
942
_a
NUST-CAE
_c
_c
35629
999
_c
246347
_d
246347